000 00372nam a22001577a 4500
005 20260508153311.0
008 260508b |||||||| |||| 00| 0 eng d
041 _2ENGLISH
100 _aPAGE ONE
245 _aCOLOUR HARMONY LOGO
250 _a2006
260 _aNEW DELHI
_bPAGE ONE PUBLISHING
_c1/12/2025
300 _aP- 225
365 _b2495.00
942 _cBK
999 _c1221215
_d1221215